Регионална библиотека "Любен Каравелов" - Русе

Словацкие эпические рассказы и лиро-эпические песни (Запис номер 344045)

MARC детайли
000 -Лидер
Контролно поле с фиксирана дължина 01050nam a2200265 c 4500
003 - Код на организацията, давaща контролен номер
Контролно поле BLK
005 - Дата и час на последна редакция
Контролно поле 20200427104050.0
008 - Елементи от данни с фиксирана дължина
fixed length control field 180911b bul|||||r ||||||| ||bul||
010 ## - Наследен системен номер
LC control number 003708
040 ## - Източник на каталожния запис
Идентификатор на билиотеката - собственик на записа BLK
041 ## - Код за език
Код за езика на текст/звукозапис или на отделно заглавие Руски
Код за езика КДБФ Български
080 ## - УДК
УДК - код + определител 885.4.09
100 1# - Редна дума - Автор
Автор БОГАТыРЕВ, Петр
Авторска отговорност първи автор
R(LIN) 398271
245 00 - Сведения за заглавието
Заглавие Словацкие эпические рассказы и лиро-эпические песни
246 ## - Различни форми на заглавието
Паралелно заглавие "Збойницкий цикл"
260 ## - Област на издателските данни
Място на издаване, разпространение и проч. Москва
Име на издателя, разпространителя и проч. АН СССР
Година на издаване 1963
300 ## - Физическа характеристика
Страници 192 с
Размери/Мащаб 22 см
380 ## - Жанр
Жанр Литературознание
490 ## - СЕРИИ (Колекции)
Име на серия Частна колекция - Академик Михаил Арнаудов
Бележки за серията Дарение - Основен фонд
500 ## - Общи забележки
Забележка Автограф с текст: Многоуважаемому профессору Д-ру Мих. Арнаудову на добрую память 1923 - 1963, автор, 20 септ. 1963.
655 ## - Ключова дума – жанр/разновидност
Данни за жанр/разновидност или ключова дума за фокус Литературознание
700 1# - Други автори (авторска отговорност)
Лично име П. Г. Богатырев
9 (RLIN) 398272
852 ## - Местоположение
Форматна сигнатура МА 1528
Фондова буква Фонд "Михаил Арнаудов"
999 ## - СИСТЕМНИ КОНТРОЛНИ НОМЕРА
Koha biblionumber 344045
Koha biblioitemnumber 344045
942 ## - АРТИКУЛИ
Вид на библиотечния материал Книги
Скрит в OPAC Не
Периодичен библиозапис Да
944 ## - СЪЗДАВАНЕ И РЕДАКЦИЯ на ЗАПИСА
Създаване/Редакция Създаване
Дата на регистрацията/редакция 1996
Служител, извършил регистрацията/редакцията ValK
999 ## - СИСТЕМНИ КОНТРОЛНИ НОМЕРА
Koha biblioitemnumber 344045
999 ## - СИСТЕМНИ КОНТРОЛНИ НОМЕРА
Koha biblioitemnumber 344045
Наличности
Код за отписване Код за изгубен артикул Източник на класификационната схема Код за повреда Коз за рестрикции Код за отдаване Артикулен № Име на библиотеката - собственик Име на библиотеката, в която се намира в момента Статус (Текущо местоположение) Местоположение - отдел Цена в лева Номерация (Хронология) Инвентарен номер Систематично азбучна сигнатура Баркод Номер на екземпляра Цена в евро Служебен тип на артикула
  Не е изгубен Universal Decimal Classification Не е повреден без рестрикции Специални фондове ( старопечатни, редки и ценни, фонд М. Арнаудов) 744397 Регионална библиотека "Любен Каравелов" Русе Регионална библиотека "Любен Каравелов" Русе Фонд "Михаил Арнаудов" Фонд "Михаил Арнаудов" 6.00 Автограф: П. Г. Богатырев 588821 МА 1528 120000588821 1 3.07 Книги
Vip Innovations Ltd, Rousse, Bulgaria 2025